000 00661nam a2200181Ia 4500
999 _c37806
_d37806
001 3783
003 GE_BSU
005 20190807172542.0
008 181216s1973||||ge |||||||||||||| ||geo||
040 _cGE_BSU
041 _ageo
080 _a069(479.22) ს–32
245 _aს. ჯანაშიას სახ. აკად. საქართველოს სახელმწიფო მუზეუმის მოამბე XXIV-XXV-A.
264 _aთბილისი :
_bმეცნიერება,
_c1973.
300 _a231 გვ. ;
_b22 სმ.
653 _aსახელმწიფო მუზეუმი
942 _cBK
_2udc